000 00451nam a2200181Ia 4500
005 20230724111012.0
008 131103s9999 xx 000 0 und d
040 _aLoreto College
041 _aEnglish
082 _aF
_bVID
100 _aVidal,Gove
245 _aBurr
_b a novel
_cGore Vidal
260 _aToranto
_bBantam Books
_c1973 (1974 printing)
300 _a564 p.
650 _aUnited States - History
850 _aLCLIB
942 _cBK
999 _c7666
_d58145